00481nam a2200181 a 450000100060000000300090000600800410001502000180005604000280007408200170010210000170011924500320013626000250016830000100019349000290020365000350023265000320026723292CO-ViMGA141112s2004 ck r 000 u spa d a9788421618394 aCO-ViMGAbspacCO-ViMGA04a598.8 L344 a1 aLugg, Gerard10aAsombrosas Aves Tropicales aEspaña : bBruño a2 ed. aMundos asombrosos; v. 1414aAVES - ENSEÑANZA - PRIMARIA 14aAVES - HABITAS Y CONDUCTAS